000 00514nam a2200193Ia 4500
005 20250326145016.0
008 250326s9999 xx 000 0 und d
020 _a81-7018-370-7
037 _aTextbook
040 _aFMSL
_beng
_cFMSL
041 _aeng
_2eng
084 _aX9W M63
_qFMSL
100 _aRao Y Saraswathy
_9257557
245 0 _aPublic enterprises
_cRao Y Saraswathy
260 _aDelhi
_bDelhi, B R
_c1986
300 _axix,287
942 _cTB
_hX9W M63
999 _c1306022
_d1306022